000 01142cam a2200325 i 4500
003 SA-RiAUC
005 20250526073058.0
008 250523s1999 sy g 000 0 ara c
020 _a0615575471
020 _a1575476150
020 _a1575475375
040 _aJO-AmWISE
_bara
_cSA-RiAUC
_erda
050 4 _b.H33 1999
082 0 4 _a228
_qSA-RiAUC
090 _a228
_b ح ب ش
100 1 _aالحبش، محمد،
_d1962-
_eمؤلف.
245 1 2 _aالقراءات المتواترة وأثرها في الرسم القرآني والأحكام الشرعية /
_cمحمد الحبش.
250 _aالطبعة الأولى.
264 1 _aدمشق :
_bدار الفكر،
_c1999
300 _a374 صفحة ؛
_c24 سم
336 _aنص
_btxt
_2rdacontent
_3كتاب
337 _aبدون وسيط
_bn
_2rdamedia
338 _aمجلد
_bnc
_2rdacarrier
630 2 7 _aالقرآن
_xالقراءات السبع
_2aucut
650 7 _aالأحكام الشرعية
_2aucsh
650 7 _aرسم المصاحف
_2aucsh
730 2 2 _aالقرآن
942 _2ddc
_cBOOK
_n0
949 _aSA-JeALM
_d250523
_umohamedma123
_n1
999 _c8378
_d8378